Investície do vzdelávania a ich vplyv na rozvoj ľudských zdrojov
Nevyhnutnosť rýchleho napredovania k vedomostnému hospodárstvu a spoločnosti. Postupy vzdelávania musia byť koncentrované na budovanie komunikačných schopnosti, analytických a tvorivých schopností v otvorenej škole. Tieto požiadavky sa týkajú vzdelávania žiakov, študentov, ako aj pedagógov a riadiac...
Na minha lista:
| Autor principal: | |
|---|---|
| Formato: | Capítulo de Livro |
| Idioma: | eslovaco |
| Assuntos: | |
| Tags: |
Sem tags, seja o primeiro a adicionar uma tag!
|
MARC
| LEADER | 00000naa$a2200000$$$4500 | ||
|---|---|---|---|
| 001 | 0053992 | ||
| 005 | 20240502071626.9 | ||
| 041 | 0 | |a slo | |
| 044 | |a SK | ||
| 245 | 1 | 0 | |a Investície do vzdelávania a ich vplyv na rozvoj ľudských zdrojov |c Jarmila Vidová |
| 520 | |a Nevyhnutnosť rýchleho napredovania k vedomostnému hospodárstvu a spoločnosti. Postupy vzdelávania musia byť koncentrované na budovanie komunikačných schopnosti, analytických a tvorivých schopností v otvorenej škole. Tieto požiadavky sa týkajú vzdelávania žiakov, študentov, ako aj pedagógov a riadiacich pracovníkov škôl a platia pre všetky typy vzdelávania. Výdavky na školstvo od roku 1989 výrazne poklesli. Nedostatočnosť obsahu vzdelávania vzhľadom na potreby trhu práce. Lisabonská stratégia a investície do vzdelávania na Slovensku. | ||
| 610 | 2 | 0 | |a spoločnosť vedomostná |
| 610 | 2 | 0 | |a veda |
| 610 | 2 | 0 | |a výskum |
| 610 | 2 | 0 | |a vzdelávanie |
| 610 | 2 | 0 | |a investície |
| 610 | 2 | 0 | |a Slovensko |
| 100 | 1 | |a Vidová, Jarmila, 1967- | |